| 000 | 00363nam a2200133 a 4500 | ||
|---|---|---|---|
| 005 | 20140414131857.0 | ||
| 008 | 100826s19uu xx 00 eng d | ||
| 050 |
_aFIL _bK13 1985 |
||
| 100 | _aAngeles, Alberta | ||
| 245 | _aAng kamatis ni Peles. | ||
| 260 |
_aPhilippines : _bAdarna, _c1985. |
||
| 500 | _aIllustrator's Prize 1984 (Grand Prize) | ||
| 999 |
_c110510 _d110510 |
||